Savage fields: An esay in literature and cosmology

Spremljeno u:
Bibliografski detalji
Glavni autor: Lee, Dennis
Format: Knjiga
Jezik:Undetermined
Izdano: Toronto, Canadá Anansi 1977
Teme:
Oznake: Dodaj oznaku
Bez oznaka, Budi prvi tko označuje ovaj zapis!

MARC

LEADER 00000nam a2200000Ia 4500
008 170316s9999 xx 000 0 und d
040 |a cru BVZT 
090 |a 818 L-15s 
100 |a Lee, Dennis 
245 |a Savage fields: An esay in literature and cosmology 
260 |a Toronto, Canadá 
260 |b Anansi 
260 |c 1977 
300 |a 125 páginas 
650 |a LITERATURA CANADIENSE 
942 |c 15 D 
999 |c 6511  |d 6511